00763nam a2200241 a 4500001001300000003000900013005001700022008004100039020001000080082001800090100002100108245008100129260003500210300000900245500003500254650003300289650001200322700002100334902000800355942000700363952013400370999001700504nice12345678IN_TiNIC20260116014748.0070320s2002 newa grp 000 0 eng  ac25000a294.5514bSAN aSantideva, Sadhu aTantric Healingb The Power of Physical, Psychological and Spiritual Healing aNew Delhi bIndigo Book c2002 a238p aincludes index and biblioraphy aHuman Rights-India Violation aTantric1 aSantideva, Sadhu bSRS cBK 001040708StackRoom-aHMIbHMId2008-04-02g250.00l1m2o294.5514 SANp021981r2019-03-20s2019-02-25v250.00w2007-03-20yBK c16829d16829